England National Football Team Players: C - Statistics

General Stats
  • This quiz has been taken 18 times
  • The average score is 23 of 120
Answer Stats
Caps Goals First Cap Last Cap Player % Correct
15 1 1995 2001 Andy Cole
79%
107 0 2001 2014 Ashley Cole
79%
7 0 2009 2010 Carlton Cole
79%
2 0 1905 1907 Jack Carr
79%
2 0 1919 1923 Jackie Carr
79%
56 10 2001 2010 Joe Cole
79%
1 0 1875 1875 Arthur Carr
71%
106 49 1958 1970 Bobby Charlton
64%
35 6 1958 1970 Jack Charlton
64%
38 0 1999 2010 Jamie Carragher
64%
42 22 2005 2010 Peter Crouch
64%
2 0 1991 1991 Gary Charles
57%
3 4 1926 1929 Joe Carter
57%
13 7 1934 1947 Raich Carter
57%
2 0 1995 1995 Colin Cooper
50%
20 0 1969 1974 Terry Cooper
50%
19 10 1970 1975 Allan Clarke
43%
1 0 2012 2012 Fraizer Campbell
43%
1 0 2018 2018 Lewis Cook
43%
34 0 2001 2015 Michael Carrick
43%
1 0 1893 1893 Norman Cooper
43%
73 1 1996 2007 Sol Campbell
43%
15 0 1927 1934 Tom Cooper
43%
8 0 1928 1931 Austen Campbell
36%
61 5 2010 2018 Gary Cahill
36%
1 0 1954 1954 Harry Clarke
36%
1 0 1925 1925 Tommy Cook
36%
1 0 1921 1921 Bert Coleman
29%
37 0 1964 1967 George Cohen
29%
4 0 1966 1977 Ian Callaghan
29%
1 0 1907 1907 Tim Coleman
29%
1 0 1962 1962 Chris Crowe
21%
10 1 2020 2022 Conor Coady
21%
11 4 2020 2021 Dominic Calvert-Lewin
21%
1 0 2017 2017 Jack Cork
21%
1 0 1931 1931 Jackie Crawford
21%
6 0 1979 1980 Laurie Cunningham
21%
5 0 2023 2025 Levi Colwill
21%
8 1 1982 1984 Mark Chamberlain
21%
24 13 1971 1973 Martin Chivers
21%
2 1 1961 1962 Ray Crawford
21%
4 0 2007 2011 Scott Carson
21%
42 7 1977 1983 Steve Coppell
21%
1 1 2012 2012 Steven Caulker
21%
13 0 2012 2013 Tom Cleverley
21%
17 3 1972 1979 Tony Currie
21%
3 0 2016 2017 Aaron Cresswell
14%
9 2 2010 2012 Andy Carroll
14%
21 1 2018 2024 Ben Chilwell
14%
3 0 2014 2014 Calum Chambers
14%
1 0 1879 1879 Edward Christian
14%
3 0 1901 1903 Jack Cox
14%
20 7 1959 1966 John Connelly
14%
1 0 1892 1892 John Cox
14%
1 0 2018 2018 Nathaniel Chalobah
14%
61 0 1972 1983 Ray Clemence
14%
35 0 1955 1960 Ronnie Clayton
14%
4 0 1920 1922 Thomas Clay
14%
1 0 2025 2025 Trevor Chalobah
14%
27 0 1976 1980 Trevor Cherry
14%
7 0 1921 1929 Warney Cresswell
14%
1 0 1903 1903 Arthur Capes
7%
41 0 1902 1914 Bob Crompton
7%
5 0 1976 1977 Dave Clement
7%
1 0 1872 1872 Frederick Chappell
7%
9 18 1929 1936 George Camsell
7%
10 2 1983 1990 Gordon Cowans
7%
8 5 1921 1923 Harry Chambers
7%
2 2 1919 1920 Jack Cock
7%
9 0 1976 1982 Joe Corrigan
7%
3 0 1992 1992 Keith Curle
7%
46 21 1972 1977 Mick Channon
7%
14 0 2014 2016 Nathaniel Clyne
7%
4 0 1970 1971 Ralph Coates
7%
3 0 1926 1931 Sam Cowan
7%
26 7 1930 1936 Sammy Crooks
7%
3 0 1995 1997 Stan Collymore
7%
7 0 1986 1989 Tony Cottee
7%
20 0 1933 1939 Wilf Copping
7%
3 2 1904 1906 Alf Common
0%
2 0 1950 1951 Allenby Chilton
0%
2 0 1900 1900 Arthur Chadwick
0%
1 0 1910 1910 Arthur Cowell
0%
2 0 1932 1932 Arthur Cunliffe
0%
6 2 1876 1883 Arthur Cursham
0%
1 0 1901 1901 Bertie Corbett
0%
2 0 1959 1959 Brian Clough
0%
3 1 1872 1874 Charles Chenery
0%
1 0 1872 1872 Charles Clegg
0%
1 0 1893 1893 Chris Charsley
0%
1 0 1900 1900 Dan Cunliffe
0%
1 0 1958 1958 Danny Clapton
0%
4 0 1958 1958 Eddie Clamp
0%
7 3 1891 1897 Edgar Chadwick
0%
2 2 1890 1890 Edmund Currey
0%
2 0 1913 1914 Francis Cuggy
0%
4 2 1891 1893 George Cotterill
0%
1 0 1894 1894 Harry Chippendale
0%
8 5 1880 1884 Harry Cursham
0%
13 0 1946 1951 Henry Cockburn
0%
1 0 1914 1914 Horace Colclough
0%
8 1 1935 1937 Jack Crayston
0%
1 0 1906 1906 James Conlin
0%
14 0 1894 1902 Jimmy Crabtree
0%
1 0 1936 1936 Jimmy Cunliffe
0%
1 0 1909 1909 Joe Cottle
0%
1 0 1902 1902 John Calvey
0%
2 0 1950 1950 Leslie Compton
0%
9 6 1883 1887 Nevill Cobbold
0%
14 0 1989 1993 Nigel Clough
0%
1 1 1923 1923 Norman Creek
0%
1 0 1962 1962 Ray Charnley
0%
1 0 1903 1903 Rex Corbett
0%
8 0 1920 1924 Sam Chedgzoy
0%
12 0 1937 1939 Stan Cullis
0%
5 0 1936 1937 Ted Catlin
0%
4 0 1889 1894 Tommy Clare
0%
10 1 1895 1904 Tommy Crawshaw
0%
3 0 1908 1908 Watty Corbett
0%
2 0 1873 1879 William Clegg
0%
No matching quizzes found
Score Distribution
Percent of People with Each Score
Percentile by Number Answered
Your Score History
You have not taken this quiz